[Event "9. Forchheimer Sparkassen Open 2010"]
[Site "Forchheim"]
[Date "2010.10.03"]
[Round "4.10"]
[White "Schloetterer, Hermann"]
[Black "Forster, Stephan"]
[Result "1-0"]
[WhiteElo "1980"]
[BlackElo "1521"]
[PlyCount "99"]
[EventDate "2010.??.??"]
[WhiteTeam "SC Noris-Tarrasch Nürnberg 1873"]
[BlackTeam "SG Siemens Amberg"]

1. d4 {[%emt 0:00:00]} f5 {[%emt 0:00:02]} 2. g3 {[%emt 0:00:02]} Nf6 {
[%emt 0:00:01]} 3. Bg2 {[%emt 0:00:02]} d6 {[%emt 0:00:00]} 4. d5 {
[%emt 0:00:01]} g6 {[%emt 0:00:02]} 5. Nf3 {[%emt 0:00:02]} Bg7 {[%emt 0:00:01]
} 6. c4 {[%emt 0:00:02]} O-O {[%emt 0:00:02]} 7. O-O {[%emt 0:00:02]} Qe8 {
[%emt 0:00:01]} 8. Nc3 {[%emt 0:00:02]} a5 {[%emt 0:00:01]} 9. e4 {
[%emt 0:00:02]} fxe4 {[%emt 0:00:02]} 10. Ng5 {[%emt 0:00:01]} Na6 {
[%emt 0:00:02]} 11. Ngxe4 {[%emt 0:00:03]} Nxe4 {[%emt 0:00:03]} 12. Nxe4 {
[%emt 0:00:02]} Bf5 {[%emt 0:00:01]} 13. Re1 {[%emt 0:00:02]} Qd7 {
[%emt 0:00:02]} 14. Qe2 {[%emt 0:00:02]} Rae8 {[%emt 0:00:02]} 15. Be3 {
[%emt 0:00:03]} h6 {[%emt 0:00:02]} 16. Qd2 {[%emt 0:00:02]} Kh7 {
[%emt 0:00:02]} 17. Bd4 {[%emt 0:00:02]} b6 {[%emt 0:00:01]} 18. Bxg7 {
[%emt 0:00:02]} Kxg7 {[%emt 0:00:01]} 19. a3 {[%emt 0:00:01]} a4 {
[%emt 0:00:01]} 20. Rac1 {[%emt 0:00:02]} e6 {[%emt 0:00:01]} 21. dxe6 {
[%emt 0:00:03]} Rxe6 {[%emt 0:00:01]} 22. Nc3 {[%emt 0:00:02]} Nc5 {
[%emt 0:00:03]} 23. Nd5 {[%emt 0:00:02]} Kh7 {[%emt 0:00:02]} 24. Rxe6 {
[%emt 0:00:01]} Bxe6 {[%emt 0:00:02]} 25. Re1 {[%emt 0:00:01]} Bxd5 {
[%emt 0:00:02]} 26. Bxd5 {[%emt 0:00:02]} c6 {[%emt 0:00:01]} 27. Bxc6 {
[%emt 0:00:02]} Qf7 {[%emt 0:00:05]} 28. Bd5 {[%emt 0:00:03]} Qf6 {
[%emt 0:00:02]} 29. Qe3 {[%emt 0:00:03]} Qxb2 {[%emt 0:00:02]} 30. Qe7+ {
[%emt 0:00:02]} Qg7 {[%emt 0:00:02]} 31. Qxd6 {[%emt 0:00:01]} Kh8 {
[%emt 0:00:01]} 32. Qxb6 {[%emt 0:00:02]} Nd3 {[%emt 0:00:02]} 33. Re2 {
[%emt 0:00:02]} Qa1+ {[%emt 0:00:02]} 34. Kg2 {[%emt 0:00:01]} Ne1+ {
[%emt 0:00:01]} 35. Kh3 {[%emt 0:00:02]} Qc3 {[%emt 0:00:01]} 36. Qb2 {
[%emt 0:00:02]} Qxb2 {[%emt 0:00:01]} 37. Rxb2 {[%emt 0:00:01]} Nd3 {
[%emt 0:00:01]} 38. Re2 {[%emt 0:00:02]} Nxf2+ {[%emt 0:00:02]} 39. Kg2 {
[%emt 0:00:02]} Ng4 {[%emt 0:00:01]} 40. h3 {[%emt 0:00:02]} Nf6 {
[%emt 0:00:02]} 41. Bc6 {[%emt 0:00:03]} Rc8 {[%emt 0:00:02]} 42. Bb5 {
[%emt 0:00:02]} Kg7 {[%emt 0:00:01]} 43. Re5 {[%emt 0:00:02]} Rd8 {
[%emt 0:00:02]} 44. c5 {[%emt 0:00:02]} Rd2+ {[%emt 0:00:01]} 45. Kf3 {
[%emt 0:00:02]} Ra2 {[%emt 0:00:02]} 46. Re3 {[%emt 0:00:02]} Rc2 {
[%emt 0:00:44]} 47. c6 {[%emt 0:00:02]} Nd5 {[%emt 0:00:01]} 48. Rd3 {
[%emt 0:00:02]} Nb6 {[%emt 0:00:01]} 49. Rd6 {[%emt 0:00:02]} Rc3+ {
[%emt 0:00:03]} 50. Bd3 {[%emt 0:00:02]} 1-0

[Event "9. Forchheimer Sparkassen Open 2010"]
[Site "Forchheim"]
[Date "2010.10.03"]
[Round "4.11"]
[White "Wissel, Florian"]
[Black "Boudkeev, Timour"]
[Result "1/2-1/2"]
[WhiteElo "1452"]
[BlackElo "1833"]
[PlyCount "125"]
[EventDate "2010.??.??"]
[WhiteTeam "SF Sailauf"]
[BlackTeam "SG Zürich"]

1. d4 Nf6 2. Nf3 g6 3. c4 Bg7 4. Nc3 d6 5. e4 O-O 6. Be3 c6 7. Qd2 Ng4 8. Be2
Nxe3 9. Qxe3 Qb6 10. Rb1 Bg4 11. c5 dxc5 12. dxc5 Qc7 13. O-O Nd7 14. Rbd1 Rad8
15. h3 Bxf3 16. Bxf3 Ne5 17. Be2 Rxd1 18. Rxd1 Rd8 19. Rxd8+ Qxd8 20. f4 Nd7
21. Qd2 Qc7 22. Na4 Bh6 23. e5 Nxe5 24. Qe3 Qa5 25. Qxe5 Qxa4 26. Qb8+ Bf8 27.
Qxb7 Qd4+ 28. Kh1 Qxc5 29. Qb8 Qb6 30. Qxb6 axb6 31. Kg1 Bg7 32. b3 Bd4+ 33.
Kf1 Be3 34. g3 Kg7 35. Bf3 c5 36. a4 Kf6 37. Ke2 Bd4 38. g4 e5 39. fxe5+ Kxe5
40. Bc6 Kf4 41. Kf1 Kg3 42. Bd7 Kxh3 43. Bc8 Kh4 44. Kg2 h5 45. gxh5 Kxh5 46.
Kg3 Kg5 47. Bb7 Be5+ 48. Kg2 Kf4 49. Bd5 f5 50. Bc6 Ke3 51. Be8 g5 52. Bg6 f4
53. Bh5 Bf6 54. Bg4 Kd4 55. Kf3 Kc3 56. Be6 Kb4 57. Bc4 Kc3 58. Be6 Kd2 59. Bg4
Ke1 60. Be6 Kf1 61. Bg4 Kg1 62. Be6 Kh2 63. Bg4 1/2-1/2

[Event "9. Forchheimer Sparkassen Open 2010"]
[Site "Forchheim"]
[Date "2010.10.03"]
[Round "4.12"]
[White "Stolzenwald, Karl-Heinz"]
[Black "Luther, Helmut"]
[Result "0-1"]
[WhiteElo "1778"]
[BlackElo "2020"]
[PlyCount "44"]
[EventDate "2010.??.??"]
[WhiteTeam "Post-SV Memmingen e.V."]
[BlackTeam "SW Nürnberg Süd e.V."]

1. b4 e5 2. Bb2 d6 3. e3 f5 4. Be2 Nf6 5. Nf3 Be7 6. O-O O-O 7. c4 Qe8 8. Re1
Nbd7 9. d3 Ng4 10. g3 Qh5 11. Nbd2 Ndf6 12. Qc2 e4 13. dxe4 fxe4 14. Nh4 g5 15.
h3 gxh4 16. hxg4 Bxg4 17. Bxg4 Nxg4 18. Qxe4 hxg3 19. Qg2 gxf2+ 20. Kf1 fxe1=Q+
21. Kxe1 Rf2 22. Qg1 Rh2 0-1

[Event "9. Forchheimer Sparkassen Open 2010"]
[Site "Forchheim"]
[Date "2010.10.03"]
[Round "4.13"]
[White "Körber, Thomas"]
[Black "Thurnbauer, Alois"]
[Result "1/2-1/2"]
[WhiteElo "1979"]
[BlackElo "1602"]
[PlyCount "38"]
[EventDate "2010.??.??"]
[WhiteTeam "SF Fürth 1951 e.V."]
[BlackTeam "SC Ortenburg 1894 e.V."]

1. d4 Nf6 2. Nf3 d5 3. e3 e6 4. Bd3 c5 5. b3 Nc6 6. O-O Be7 7. Bb2 O-O 8. Nbd2
a6 9. c4 cxd4 10. exd4 Bb4 11. a3 Bxd2 12. Qxd2 Ne7 13. Rfe1 b6 14. Rac1 Bb7
15. Ne5 Rc8 16. Qe2 dxc4 17. bxc4 Qd6 18. Red1 Ng6 19. Nxg6 hxg6 1/2-1/2

[Event "9. Forchheimer Sparkassen Open 2010"]
[Site "Forchheim"]
[Date "2010.10.03"]
[Round "4.14"]
[White "Kreutz, Daniel"]
[Black "Stegmaier, Michael"]
[Result "0-1"]
[WhiteElo "1822"]
[BlackElo "1850"]
[PlyCount "88"]
[EventDate "2010.??.??"]
[WhiteTeam "Pulheimer Sport-Club 1924/57 e.V"]
[BlackTeam "SC Tamm 74"]

1. e4 c5 2. Nf3 d6 3. d4 cxd4 4. Nxd4 Nf6 5. Nc3 g6 6. Bb5+ Nbd7 7. O-O Bg7 8.
Be3 O-O 9. Kh1 a6 10. Be2 Ne5 11. Bf4 Nc6 12. Be3 Bd7 13. Bf3 Ne5 14. Nd5 Nxf3
15. Nxf6+ Bxf6 16. Qxf3 Rc8 17. c3 Bg7 18. Nc2 Be6 19. Rfd1 Qd7 20. Qe2 Bc4 21.
Qd2 Qe6 22. Bg5 f6 23. Bf4 Bxa2 24. Nb4 Bb3 25. Re1 Rc5 26. f3 Rfc8 27. Be3 Rh5
28. Nd3 Rb5 29. Nb4 a5 30. Nc2 Bxc2 31. Qxc2 Qb3 32. Qxb3+ Rxb3 33. Bc1 b6 34.
Kg1 Kf7 35. Kf1 f5 36. exf5 gxf5 37. Ke2 Rb5 38. Kd3 e5 39. Kc2 d5 40. Bd2 Rbc5
41. Kb3 Ra8 42. Rad1 a4+ 43. Kb4 Bf8 44. Rxe5 Rca5+ 0-1

[Event "9. Forchheimer Sparkassen Open 2010"]
[Site "Forchheim"]
[Date "2010.10.03"]
[Round "4.15"]
[White "Mager, Denis"]
[Black "Zischer, Andreas"]
[Result "1-0"]
[WhiteElo "1678"]
[BlackElo "1585"]
[PlyCount "75"]
[EventDate "2010.??.??"]
[WhiteTeam "SAbt TuS Makkabi Ffm"]
[BlackTeam "SK Leutershausen"]

1. Nf3 Nf6 2. d4 d6 3. c4 g6 4. Nc3 Bg7 5. e4 Nbd7 6. Be3 O-O 7. Bd3 e5 8. Qc2
Ng4 9. h3 Nxe3 10. fxe3 Nb6 11. g4 exd4 12. exd4 Qe7 13. O-O-O f5 14. exf5 gxf5
15. Rhe1 Qf6 16. g5 Qf7 17. Qe2 Bd7 18. b3 a5 19. Qd2 Kh8 20. Ne2 a4 21. Nf4
axb3 22. axb3 c5 23. Bb1 Ra3 24. Re3 Nxc4 25. bxc4 Qxc4+ 26. Bc2 Ra1+ 27. Kb2
Qa2+ 28. Kc3 Qa3+ 29. Bb3 Ba4 30. Qc2 Ra2 31. Qxa2 cxd4+ 32. Nxd4 Rc8+ 33. Kd2
Qb4+ 34. Ke2 Bxd4 35. Rxd4 Qxd4 36. Qxa4 Qb2+ 37. Kf3 Rc1 38. Qe8+ 1-0

[Event "9. Forchheimer Sparkassen Open 2010"]
[Site "Forchheim"]
[Date "2010.10.03"]
[Round "4.16"]
[White "Richter, Tony"]
[Black "Üstün, Engin"]
[Result "1/2-1/2"]
[WhiteElo "1536"]
[BlackElo "1820"]
[PlyCount "35"]
[EventDate "2010.??.??"]
[WhiteTeam "Thüringer SV Triebes"]
[BlackTeam "SF Windheim e.V."]

1. d4 Nf6 2. Nf3 g6 3. Nc3 Bg7 4. e4 d6 5. Bd3 Bg4 6. h3 Bxf3 7. Qxf3 c5 8.
dxc5 Nc6 9. cxd6 Qxd6 10. Nb5 Qd7 11. Bf4 O-O 12. Rd1 Nd4 13. Nxd4 Qxd4 14. c3
Qb6 15. Qe2 Qa5 16. Bb1 Rfd8 17. O-O e5 18. Be3 1/2-1/2

[Event "9. Forchheimer Sparkassen Open 2010"]
[Site "Forchheim"]
[Date "2010.10.03"]
[Round "4.17"]
[White "Petermann, Jan"]
[Black "Hauf, Nicolai"]
[Result "0-1"]
[WhiteElo "1653"]
[BlackElo "1789"]
[PlyCount "84"]
[EventDate "2010.??.??"]
[WhiteTeam "SV Puschendorf 1949 e.V."]
[BlackTeam "SK Leutershausen"]

1. b3 d5 2. Bb2 Bf5 3. e3 e6 4. Ne2 Nf6 5. Ng3 Bg6 6. c4 c6 7. Nc3 Nbd7 8. d4
Bd6 9. cxd5 cxd5 10. Bd3 Rc8 11. O-O Qe7 12. Qe2 a6 13. a3 Bxd3 14. Qxd3 O-O
15. b4 Nb6 16. Rac1 Nc4 17. Rc2 Rc7 18. Nge2 Rfc8 19. Rfc1 Nd7 20. Na4 b6 21.
Nec3 f5 22. Nb1 a5 23. bxa5 bxa5 24. Nd2 Nxb2 25. Nxb2 Rxc2 26. Rxc2 Rxc2 27.
Qxc2 Bxa3 28. Qb3 Qb4 29. Qxb4 Bxb4 30. Nb3 Nb6 31. Kf1 a4 32. Nc1 Ba3 33. Nbd3
Kf8 34. Ke2 Nc4 35. Kd1 Ke7 36. Na2 Bd6 37. Kc2 Bxh2 38. g3 h5 39. Ne1 Bg1 40.
Nd3 g5 41. Nc3 a3 42. Ne2 a2 0-1

[Event "9. Forchheimer Sparkassen Open 2010"]
[Site "Forchheim"]
[Date "2010.10.03"]
[Round "4.18"]
[White "Becker, Ralph"]
[Black "Schulz, Horst"]
[Result "1/2-1/2"]
[WhiteElo "1755"]
[BlackElo "1509"]
[PlyCount "58"]
[EventDate "2010.??.??"]
[WhiteTeam "SC 1975 Paimar"]
[BlackTeam "SC Höchstadt/Aisch"]

1. Nf3 d5 2. d4 c6 3. g3 Bf5 4. Bg2 e6 5. O-O Be7 6. c4 h6 7. Nc3 Nf6 8. Nd2
O-O 9. e4 dxe4 10. Ndxe4 Nxe4 11. Nxe4 Bxe4 12. Bxe4 Bf6 13. Be3 Re8 14. Rc1
Nd7 15. Qc2 Nb6 16. Rfd1 Qe7 17. a4 Rac8 18. a5 Nd7 19. Qa4 Rc7 20. b4 Rec8 21.
Bg2 Kh7 22. Rc2 Bg5 23. f4 Bf6 24. Bf2 Qf8 25. Rcd2 Be7 26. Rb1 Nb8 27. d5 exd5
28. cxd5 cxd5 29. Bxd5 Nc6 1/2-1/2

[Event "9. Forchheimer Sparkassen Open 2010"]
[Site "Forchheim"]
[Date "2010.10.03"]
[Round "4.19"]
[White "Schwab, Edgar"]
[Black "Schmidt, Tobias"]
[Result "1-0"]
[WhiteElo "1946"]
[BlackElo "1537"]
[PlyCount "77"]
[EventDate "2010.??.??"]
[WhiteTeam "SC Forchheim e.V."]
[BlackTeam "SC Tamm 74"]

1. d4 {[%emt 0:00:00]} d5 {[%emt 0:00:01]} 2. Nf3 {[%emt 0:00:02]} Nf6 {
[%emt 0:00:01]} 3. c4 {[%emt 0:00:02]} dxc4 {[%emt 0:00:01]} 4. e3 {
[%emt 0:00:02]} e6 {[%emt 0:00:01]} 5. Bxc4 {[%emt 0:00:02]} c5 {[%emt 0:00:01]
} 6. O-O {[%emt 0:00:02]} a6 {[%emt 0:00:01]} 7. dxc5 {[%emt 0:00:03]} Qxd1 {
[%emt 0:00:01]} 8. Rxd1 {[%emt 0:00:02]} Bxc5 {[%emt 0:00:02]} 9. Nc3 {
[%emt 0:00:02]} b5 {[%emt 0:00:01]} 10. Be2 {[%emt 0:00:02]} Nc6 {
[%emt 0:00:01]} 11. a3 {[%emt 0:00:02]} Bb7 {[%emt 0:00:01]} 12. b4 {
[%emt 0:00:04]} Be7 {[%emt 0:00:01]} 13. Bb2 {[%emt 0:00:02]} O-O {
[%emt 0:00:02]} 14. e4 {[%emt 0:00:03]} Rfd8 {[%emt 0:00:02]} 15. e5 {
[%emt 0:00:14]} Ng4 {[%emt 0:00:01]} 16. Na2 {[%emt 0:00:00]} Rxd1+ {
[%emt 0:00:02]} 17. Rxd1 {[%emt 0:00:04]} Rd8 {[%emt 0:00:01]} 18. h3 {
[%emt 0:00:02]} Nh6 {[%emt 0:00:02]} 19. Kf1 {[%emt 0:00:02]} Kf8 {
[%emt 0:00:02]} 20. Ke1 {[%emt 0:00:02]} Ng8 {[%emt 0:00:07]} 21. Bd3 {
[%emt 0:00:05]} g6 {[%emt 0:00:01]} 22. Ke2 {[%emt 0:00:01]} Ke8 {
[%emt 0:00:03]} 23. g3 {[%emt 0:00:02]} Rd7 {[%emt 0:00:02]} 24. Nc1 {
[%emt 0:00:02]} Kd8 {[%emt 0:00:02]} 25. Nb3 {[%emt 0:00:02]} Kc7 {
[%emt 0:00:02]} 26. Rc1 {[%emt 0:00:02]} Kb6 {[%emt 0:00:01]} 27. Nc5 {
[%emt 0:00:02]} Rc7 {[%emt 0:00:01]} 28. Nxb7 {[%emt 0:00:02]} Rxb7 {
[%emt 0:00:02]} 29. Be4 {[%emt 0:00:01]} Rc7 {[%emt 0:00:01]} 30. Bc3 {
[%emt 0:00:02]} Bd8 {[%emt 0:00:01]} 31. Bd2 {[%emt 0:00:02]} Nge7 {
[%emt 0:00:02]} 32. Be3+ {[%emt 0:00:02]} Kb7 {[%emt 0:00:02]} 33. Rd1 {
[%emt 0:00:02]} Rc8 {[%emt 0:00:02]} 34. Rd7+ {[%emt 0:00:02]} Kb8 {
[%emt 0:00:02]} 35. Bc5 {[%emt 0:00:11]} Nd5 {[%emt 0:00:02]} 36. Rxf7 {
[%emt 0:00:02]} Nc3+ {[%emt 0:00:02]} 37. Ke3 {[%emt 0:00:02]} Nxe4 {
[%emt 0:00:01]} 38. Kxe4 {[%emt 0:00:01]} Rc7 {[%emt 0:00:05]} 39. Bd6 {
[%emt 0:00:09]} 1-0

[Event "9. Forchheimer Sparkassen Open 2010"]
[Site "Forchheim"]
[Date "2010.10.03"]
[Round "4.21"]
[White "Wissel, Daniel"]
[Black "Meulner, Fabian"]
[Result "1-0"]
[WhiteElo "1685"]
[BlackElo "1309"]
[PlyCount "79"]
[EventDate "2010.??.??"]
[WhiteTeam "SF Sailauf"]
[BlackTeam "SW Nürnberg Süd e.V."]

1. e4 c6 2. c4 d5 3. exd5 cxd5 4. d4 Nf6 5. Nc3 g6 6. Be3 Bg7 7. h4 h5 8. Bd3
Ng4 9. Nxd5 Nxe3 10. fxe3 Qd6 11. Ne2 Bg4 12. Qc2 Bxe2 13. Qxe2 e6 14. Nf4 Nc6
15. c5 Qc7 16. O-O O-O-O 17. Bxg6 fxg6 18. Nxe6 Qd7 19. Nxd8 Qxd8 20. g3 Re8
21. Qg2 Rxe3 22. d5 Bd4 23. Kh1 Ne5 24. c6 g5 25. cxb7+ Kxb7 26. d6+ Kb8 27.
hxg5 Qxd6 28. Rf6 Qe7 29. Raf1 Nd7 30. Rf7 Qe6 31. g6 Re2 32. Rxd7 Qxd7 33.
Rf8+ Re8 34. Rf7 Re7 35. Qf1 Qd5+ 36. Kh2 Qd7 37. Qf4+ Be5 38. Qxe5+ Rxe5 39.
Rxd7 Re2+ 40. Kh3 1-0

[Event "9. Forchheimer Sparkassen Open 2010"]
[Site "Forchheim"]
[Date "2010.10.03"]
[Round "4.22"]
[White "Becker, Matthias"]
[Black "Wegmann, Simon"]
[Result "1-0"]
[WhiteElo "1828"]
[BlackElo "1277"]
[PlyCount "37"]
[EventDate "2010.??.??"]
[WhiteTeam "SC 1975 Paimar"]
[BlackTeam "SC Erlangen 48/88"]

1. e4 e5 2. Nf3 Nc6 3. d4 exd4 4. Nxd4 Qh4 5. Nb5 Qxe4+ 6. Be2 Qe5 7. f4 Qe4 8.
Nxc7+ Kd8 9. Nxa8 Nd4 10. Kf1 Qxc2 11. Nc3 Qxd1+ 12. Bxd1 g6 13. Be3 Nc6 14.
Ba4 b6 15. Re1 Bb7 16. Nxb6 axb6 17. Bxb6+ Kc8 18. Re8+ Nd8 19. Rxd8# 1-0

[Event "9. Forchheimer Sparkassen Open 2010"]
[Site "Forchheim"]
[Date "2010.10.03"]
[Round "4.23"]
[White "Siegl, Melina"]
[Black "Balhar, Michael"]
[Result "0-1"]
[WhiteElo "1467"]
[BlackElo "1812"]
[PlyCount "94"]
[EventDate "2010.??.??"]
[WhiteTeam "SW Nürnberg Süd e.V."]
[BlackTeam "SC Erlangen 48/88"]

1. e4 c5 2. Nf3 e6 3. d4 cxd4 4. Nxd4 a6 5. a3 Nf6 6. Nc3 Qc7 7. Bd3 Bc5 8.
Nde2 Ng4 9. Rf1 Qb6 10. Nd4 Nxh2 11. Rh1 Bxd4 12. Na4 Bxf2+ 13. Kd2 Qe3+ 14.
Kc3 Qd4+ 15. Kb3 b5 16. Nc3 Bg3 17. Qh5 Nc6 18. Ne2 Qa4+ 19. Ka2 Be5 20. Bd2 b4
21. Kb1 Qa5 22. g3 Qb6 23. axb4 g6 24. Qxh2 Nxb4 25. Bxb4 Qxb4 26. c3 Qb6 27.
Rc1 Rb8 28. Rc2 Bb7 29. Qh4 Qe3 30. Nc1 Bxg3 31. Qf6 O-O 32. Re2 Qf4 33. Qd4 d5
34. Bxa6 Bxa6 35. Rxa6 dxe4 36. Rxe4 Qf2 37. Ne2 Qf1+ 38. Kc2 Rfd8 39. Qg1 Qxg1
40. Nxg1 Rd5 41. Ne2 Be5 42. b3 Rbd8 43. c4 Rd2+ 44. Kb1 Rb2+ 45. Kc1 Bg7 46.
Nd4 Rh2 47. Nc6 Bh6+ 0-1

[Event "9. Forchheimer Sparkassen Open 2010"]
[Site "Forchheim"]
[Date "2010.10.03"]
[Round "4.24"]
[White "Meier, Martin"]
[Black "Körber, Christian"]
[Result "0-1"]
[WhiteElo "1068"]
[BlackElo "1690"]
[PlyCount "86"]
[EventDate "2010.??.??"]
[WhiteTeam "FC Ergolding 1932 e.V."]
[BlackTeam "SF Fürth 1951 e.V."]

1. c4 Nf6 2. Nc3 e6 3. e3 b6 4. Nf3 Bb7 5. Be2 d5 6. O-O Nbd7 7. d4 Bb4 8. a3
Bxc3 9. bxc3 c5 10. Re1 O-O 11. Nd2 e5 12. e4 dxe4 13. d5 b5 14. Qc2 bxc4 15.
Nxe4 Bxd5 16. Bf3 Qc7 17. Bg5 Nxe4 18. Bxe4 Nb6 19. Bxh7+ Kh8 20. Be4 f6 21.
Bh4 Qf7 22. Bg6 Qd7 23. Qe2 Rf7 24. Rad1 Qe6 25. Qh5+ Kg8 26. Bxf7+ Qxf7 27.
Qxf7+ Kxf7 28. a4 Be6 29. a5 Nd5 30. Rc1 Rb8 31. Rb1 Rb3 32. Rec1 Nxc3 33. Rxb3
cxb3 34. Rxc3 b2 35. Rb3 Bxb3 36. h3 b1=Q+ 37. Kh2 c4 38. f3 c3 39. Bf2 Qa2 40.
Be3 c2 41. Bd2 Qb1 42. Kg3 c1=Q 43. Bxc1 Qxc1 0-1

[Event "9. Forchheimer Sparkassen Open 2010"]
[Site "Forchheim"]
[Date "2010.10.03"]
[Round "4.25"]
[White "Mann, Johannes"]
[Black "Ulusoy, Tolga"]
[Result "0-1"]
[WhiteElo "1794"]
[BlackElo "1993"]
[PlyCount "120"]
[EventDate "2010.??.??"]
[WhiteTeam "SK Schweinfurt 2000 e.V."]
[BlackTeam "SC Noris-Tarrasch Nürnberg 1873"]

1. e4 c5 2. Nc3 d6 3. g3 Nc6 4. Bg2 g6 5. d3 Bg7 6. f4 e5 7. Nf3 Nge7 8. O-O
O-O 9. h3 Nd4 10. Ne2 Rb8 11. c3 Nxe2+ 12. Qxe2 Nc6 13. Rb1 Qa5 14. a3 b5 15.
b4 Qc7 16. Bb2 a5 17. bxc5 dxc5 18. Qd2 Rd8 19. Ne1 Qd6 20. Rc1 Ba6 21. Qf2 Rd7
22. Rc2 b4 23. c4 Nd4 24. Bxd4 Qxd4 25. Qxd4 Rxd4 26. axb4 cxb4 27. Rb2 b3 28.
fxe5 a4 29. Kh2 a3 30. Nc2 Rxd3 31. Nxa3 Bxe5 32. Rbb1 b2 33. Rf3 Rxf3 34. Bxf3
Rb3 35. Be2 Rxa3 36. Kg2 Ra1 37. Bd3 Bxc4 38. Rxb2 Bxd3 39. Rb4 Bf1+ 40. Kf2
Bxh3 41. Rb3 Be6 42. Rb4 Bd6 43. Rb5 Ra3 44. Kg2 Rxg3+ 45. Kf2 Rb3 46. Ra5 h5
47. Ke2 h4 48. Kf2 h3 49. Ra8+ Kg7 50. Ra1 h2 51. Rh1 Bc5+ 52. Ke2 Bg1 53. Kd2
Kf6 54. Ke2 Ke5 55. Kd2 Kxe4 56. Ke2 Bg4+ 57. Kd2 Rb2+ 58. Ke1 Ke3 59. Kf1 Bh3+
60. Ke1 Rb1# 0-1

[Event "9. Forchheimer Sparkassen Open 2010"]
[Site "Forchheim"]
[Date "2010.10.03"]
[Round "4.26"]
[White "Walch, Roger"]
[Black "Eichschmied, Patrick"]
[Result "0-1"]
[WhiteElo "1734"]
[BlackElo "1821"]
[PlyCount "68"]
[EventDate "2010.??.??"]
[WhiteTeam "SW Nürnberg Süd e.V."]
[BlackTeam "SV Haunwöhr SAbt"]

1. e4 c5 2. Nf3 Nc6 3. Nc3 Nf6 4. d4 cxd4 5. Nxd4 Qb6 6. Nb3 e6 7. Be3 Qc7 8.
h3 Be7 9. Qd2 a6 10. f4 d6 11. Be2 b5 12. g4 Nd7 13. O-O Bb7 14. f5 Nde5 15.
fxe6 fxe6 16. Rad1 Nf7 17. g5 Nce5 18. Nd4 Bc8 19. Rf2 O-O 20. h4 Nc4 21. Bxc4
Qxc4 22. b3 Qc7 23. h5 Ne5 24. Rxf8+ Bxf8 25. g6 h6 26. Rf1 Ng4 27. Rf7 Qc5 28.
Nf5 Nxe3 29. Nxe3 Qxh5 30. Rxf8+ Kxf8 31. Qf2+ Ke8 32. Qf7+ Kd8 33. Qxg7 Qg5+
34. Kf2 Qe7 0-1

[Event "9. Forchheimer Sparkassen Open 2010"]
[Site "Forchheim"]
[Date "2010.10.03"]
[Round "4.27"]
[White "Myagkov, Kirill"]
[Black "Heunemann, Dieter"]
[Result "1-0"]
[WhiteElo "1795"]
[BlackElo "2153"]
[PlyCount "99"]
[EventDate "2010.??.??"]
[WhiteTeam "SC Noris-Tarrasch Nürnberg 1873"]
[BlackTeam "SV Jenapharm Jena"]

1. e4 c5 2. Nc3 Nc6 3. g3 d6 4. Bg2 g6 5. f4 Bg7 6. Nf3 e6 7. d3 Nge7 8. Be3 a6
9. O-O O-O 10. Rb1 Rb8 11. d4 cxd4 12. Nxd4 Nxd4 13. Bxd4 Nc6 14. Bxg7 Kxg7 15.
Ne2 Qc7 16. g4 f5 17. exf5 exf5 18. g5 Be6 19. Nc3 Rfe8 20. Bd5 Qb6+ 21. Kh1
Nb4 22. Bxe6 Rxe6 23. a3 Nc6 24. Nd5 Qc5 25. b4 Qc4 26. Nc7 Re2 27. Qd3 Qxc2
28. Qxc2 Rxc2 29. Rbd1 Rc8 30. Ne6+ Kf7 31. Rxd6 Re2 32. Nc5 a5 33. Nxb7 axb4
34. Rxc6 Ra8 35. Rcc1 Rxa3 36. Rc7+ Ke6 37. Rxh7 b3 38. Rh3 Kd5 39. Rb1 Raa2
40. Rg3 Kc4 41. Nd6+ Kc5 42. Nf7 b2 43. Rgg1 Rf2 44. Ne5 Kd5 45. Nxg6 Rc2 46.
Ne5 Ra3 47. Rgf1 Rh3 48. Nf3 Kc4 49. g6 Kb3 50. Nd4+ 1-0

[Event "9. Forchheimer Sparkassen Open 2010"]
[Site "Forchheim"]
[Date "2010.10.03"]
[Round "4.28"]
[White "Stephan, Michael"]
[Black "Schütz, Robert"]
[Result "1/2-1/2"]
[WhiteElo "1862"]
[BlackElo "1775"]
[PlyCount "72"]
[EventDate "2010.??.??"]
[WhiteTeam "SC Forchheim e.V."]
[BlackTeam "SC Forchheim e.V."]

1. e4 e6 2. d4 d5 3. Nc3 Bb4 4. a3 Bxc3+ 5. bxc3 Ne7 6. e5 c5 7. Nf3 Bd7 8. Bd3
Ba4 9. Be3 c4 10. Be2 Nbc6 11. O-O Qc7 12. Nh4 O-O-O 13. f4 Ng6 14. Nf3 Nge7
15. Ra2 Nf5 16. Bd2 h5 17. Qe1 Nce7 18. g3 Ng8 19. Ng5 Qe7 20. Bxh5 Nxg3 21.
Bxf7 Nxf1 22. Bxe6+ Bd7 23. Bxd7+ Qxd7 24. Qxf1 Qg4+ 25. Kh1 Nh6 26. Qf3 Qxf3+
27. Nxf3 Ng4 28. Kg2 Nh6 29. Ra1 Rdf8 30. Rg1 Nf5 31. h3 Nh4+ 32. Nxh4 Rxh4 33.
Rf1 Rf5 34. Rf3 Kd7 35. Rg3 Rh7 36. Rf3 Ke6 1/2-1/2

[Event "9. Forchheimer Sparkassen Open 2010"]
[Site "Forchheim"]
[Date "2010.10.03"]
[Round "4.29"]
[White "Pokorny, Klaus"]
[Black "Steinmüller, Harald"]
[Result "1-0"]
[WhiteElo "1807"]
[BlackElo "1433"]
[PlyCount "55"]
[EventDate "2010.??.??"]
[WhiteTeam "TSV Kirchehrenbach"]
[BlackTeam "Post-SV Memmingen e.V."]

1. e4 c5 2. c3 Nc6 3. d4 cxd4 4. cxd4 d5 5. e5 e6 6. Nf3 Bb4+ 7. Bd2 Bd7 8.
Bxb4 Nxb4 9. Qb3 Qa5 10. Nc3 Rb8 11. a3 Nc6 12. Bd3 Nge7 13. O-O O-O 14. Rae1
a6 15. Qa2 b5 16. b4 Qc7 17. Rc1 Qb6 18. Ne2 a5 19. Rc5 axb4 20. axb4 Nxb4 21.
Bxh7+ Kh8 22. Qb1 Nbc6 23. Qd3 g6 24. Ng5 Kg7 25. Rc3 Rh8 26. Qf3 Nf5 27. g4
Nh6 28. Qf6+ 1-0

[Event "9. Forchheimer Sparkassen Open 2010"]
[Site "Forchheim"]
[Date "2010.10.03"]
[Round "4.30"]
[White "Larisch, Thomas"]
[Black "Weber, Daniel"]
[Result "1-0"]
[WhiteElo "1597"]
[BlackElo "1685"]
[PlyCount "65"]
[EventDate "2010.??.??"]
[WhiteTeam "RMV Conc. Strullendorf"]
[BlackTeam "SC Bechhofen 1923 e.V."]

1. b4 d5 2. Bb2 Nf6 3. e3 e6 4. b5 a6 5. a4 axb5 6. axb5 Rxa1 7. Bxa1 Be7 8. c4
O-O 9. Nf3 Nbd7 10. Qc2 Ne4 11. cxd5 exd5 12. Nc3 Ndc5 13. d4 Nxc3 14. Bxc3 Ne4
15. Bd3 Nxc3 16. Qxc3 Bd6 17. Qc2 f5 18. g3 h6 19. Nh4 Qf6 20. f4 Bd7 21. Ke2
g5 22. Nf3 Ra8 23. Ne5 Be6 24. Rb1 g4 25. Rb2 h5 26. b6 c6 27. Ra2 Re8 28. Ra7
Bc8 29. Ra8 Bxe5 30. dxe5 Qe6 31. Bxf5 Qxe5 32. fxe5 Bxf5 33. Rxe8+ 1-0

[Event "9. Forchheimer Sparkassen Open 2010"]
[Site "Forchheim"]
[Date "2010.10.03"]
[Round "4.32"]
[White "Seifert, Heinz"]
[Black "Walter, Manfred"]
[Result "1-0"]
[WhiteElo "1540"]
[BlackElo "1825"]
[PlyCount "31"]
[EventDate "2010.??.??"]
[WhiteTeam "1.FC Schwarzenfeld e.V."]
[BlackTeam "SV Lauf a.d.P."]

1. e4 d6 2. d4 Nf6 3. Nc3 e5 4. Nf3 exd4 5. Nxd4 Be7 6. Bf4 O-O 7. Qd2 c6 8.
O-O-O b5 9. e5 dxe5 10. Bxe5 Qb6 11. Qg5 Nbd7 12. Nf5 Ne8 13. Nxe7+ Kh8 14.
Nxc8 Rxc8 15. Rxd7 f6 16. Qf4 1-0

[Event "9. Forchheimer Sparkassen Open 2010"]
[Site "Forchheim"]
[Date "2010.10.03"]
[Round "4.33"]
[White "Winkelmeier, Alfred"]
[Black "Kraja, Dzemal"]
[Result "1-0"]
[WhiteElo "1753"]
[BlackElo "1660"]
[PlyCount "45"]
[EventDate "2010.??.??"]
[WhiteTeam "SV Ilmmünster"]
[BlackTeam "SC Forchheim e.V."]

1. e4 e6 2. b3 d5 3. Bb2 Nc6 4. exd5 Qxd5 5. Nc3 Qe5+ 6. Nge2 b6 7. g3 Bb7 8.
Bg2 f5 9. O-O Nf6 10. Re1 Qd6 11. Nf4 e5 12. Nb5 Qd7 13. Bxe5 O-O-O 14. Bxc6
Bxc6 15. Nxa7+ Kb8 16. Nxc6+ Qxc6 17. Ne6 Rd7 18. Nd4 Qc5 19. b4 Qc4 20. c3 Ng4
21. Qa4 Nxe5 22. Rxe5 Rxd4 23. Re8+ 1-0